Doctrina de Trento (Record no. 138048)

MARC details
000 -LEADER
campo de control de longitud fija 00551nam a2200157 4500
001 - NÚMERO DE CONTROL
campo de control 138048
003 - IDENTIFICADOR DE NÚMERO DE CONTROL
campo de control ES-MaACL
007 - CAMPO FIJO DE DESCRIPCIÓN FÍSICA--INFORMACIÓN GENERAL
campo de control de longitud fija t|
008 - DATOS DE LONGITUD FIJA--INFORMACIÓN GENERAL
campo de control de longitud fija 070214s1946 sp r ||||1| spa d
100 1# - ENTRADA PRINCIPAL--NOMBRE DE PERSONA
Nombre de persona Sánchez-Marín, Faustino G.
9 (RLIN) 102753
245 10 - MENCIÓN DEL TÍTULO
Título Doctrina de Trento
Resto del título : imagen del hombre según nuestros teólogos /
Mención de responsabilidad, etc. F. G. Sánchez-Marín, V. Gutiérrez Durán.
Número de parte o sección de la obra , . I,
Nombre de parte o sección de la obra Dimensión natural.
260 ## - PUBLICACIÓN, DISTRIBUCIÓN, ETC.
Lugar de publicación, distribución, etc. Madrid :
Nombre del editor, distribuidor, etc. Ed. nacional,
Fecha de publicación, distribución, etc. 1946.
300 ## - DESCRIPCIÓN FÍSICA
Extensión 250 p. ;
Dimensiones 22 cm.
700 1# - ENTRADA AGREGADA--NOMBRE PERSONAL
Nombre de persona Gutiérrez Durán, V.
9 (RLIN) 61143
852 ## - LOCALIZACIÓN
Ubicación ES-MaACL
Número de control de estantería E-1897
Sublocalización o colección R.22761
Holdings
Estatus retirado Estado de pérdida Estado de daño No para préstamo Biblioteca de origen Biblioteca actual Ubicación en estantería Fecha de adquisición Fuente de adquisición Total de préstamos Signatura topográfica completa Código de barras Visto por última vez Precio de reemplazo Tipo de ítem Koha
        Biblioteca del Ateneo de Madrid Biblioteca del Ateneo de Madrid Depósito 2 17/01/2008     E-1897 1143650 23/02/2023 23/02/2023 Libro impreso